000 00516nam a2200181 a 4500
001 19090
005 20180713212501.0
008 140415s1962 000 0 spa d
041 _aspa
082 _a401.9
_bSAP
100 1 _aSAPIR, EDWARD
245 1 3 _aEL LENGUAJE :
_bINTRODUCCION AL ESTUDIO DEL HABLA
250 _a2a ed.
260 _a[s.l.] :
_bFONDO DE CULTURA ECONOMICA,
_c1962
300 _a280
490 _aBREVIARIOS DEL FONDO DE CULTURA ECONOMICA
_v96
650 1 4 _aPSICOLINGUISTICA
999 _c19090
_d19090